00790nam a22002177a 4500003000400000005001700004008004100021020001800062040000800080041001200088082001100100100002600111245009500137260005200232300002400284504005600308650001900364942002300383952015100406999001500557OSt20251123164328.0251123b |||||||| |||| 00| 0 eng d a9789556635874 cDCL aEnglish a294.350 aVisuddhacara, Bhikkhu10aCurbing Anger Spreading Love /cBhikkhu visuddhacara, With illustrations by Hor Tuck Loon. aKandy :bBuddhist Publications Society, c2019. a88,p. ill, c22 cm. aIncludes bibliographical references (p. [105]-107). aBuddhist Ethic 2ddccSHORT TERMn0 00102ddc40708PaDHAMbDHAMcMyanmar Pitaka Shelvesd2025-11-23l0o294.35 Vi 649pEB00000649r2025-11-23 16:44:23w2025-11-23ySHORT TERMA649 c2595d2595